Statistics for Rammstein albums

Click here to take the quiz!

General Stats

  • This quiz has been taken 190 times
  • The average score is 5 of 6

Answer Stats

YearAlbum% Correct
2001Mutter
97%
2005Rosenrot
92%
1995Herzeleid
90%
2004Reise, Reise
90%
2009Liebe ist für alle da
88%
1997Sehnsucht
88%

Score Distribution

Percentile by Number Answered

Percent of People with Each Score

Your Score History

You have not taken this quiz